| 000 | 00588nam a22002057a 4500 | ||
|---|---|---|---|
| 005 | 20160408155930.0 | ||
| 008 | 160408b xxu||||| |||| 00| 0 spa d | ||
| 041 | _aEspañol | ||
| 082 |
_a972.861 _bH975p |
||
| 100 |
_aHutchison Miller, Carmen _97829 |
||
| 245 | _aThe province and port of Limón : metaphors for afro-costa rica black identity | ||
| 260 |
_aCosta Rica _bEUNA _c2015 |
||
| 300 | _a228 páginas | ||
| 650 |
_aCOSTA RICA _97830 |
||
| 650 |
_aLIMÓN _94425 |
||
| 650 |
_aPUERTOS _97831 |
||
| 650 |
_aDISCRIMINACIÓN RACIAL _97832 |
||
| 650 |
_aNEGROS _97833 |
||
| 942 | _cBK | ||
| 999 |
_c7922 _d7922 |
||